Planificación territorial de infraestructura deportiva : enfocada en el deporte de competencia en Costa Rica, aplicada a la provincia de Limón, como herramienta para el diseño de un Centro de Tecnificación Deportiva para la formación de futuros talentos deportivos
שמור ב:
| מחבר ראשי: | |
|---|---|
| מחברים אחרים: | |
| פורמט: | ספר |
| שפה: | Spanish |
| יצא לאור: |
[San José, Costa Rica],
2018
|
| נושאים: | |
| תגים: |
הוספת תג
אין תגיות, היה/י הראשונ/ה לתייג את הרשומה!
|
MARC
| LEADER | 00000nam a22000007a 4500 | ||
|---|---|---|---|
| 003 | EA0232 | ||
| 005 | 20230303142348.0 | ||
| 008 | 181207b2018 cr a|||| |m|| 00| ||spa d | ||
| 040 | |c cru CEDI | ||
| 100 | |9 15047 |a Rodríguez Álvarez,Stephanie | ||
| 245 | |a Planificación territorial de infraestructura deportiva : enfocada en el deporte de competencia en Costa Rica, aplicada a la provincia de Limón, como herramienta para el diseño de un Centro de Tecnificación Deportiva para la formación de futuros talentos deportivos | ||
| 260 | |a [San José, Costa Rica], |c 2018 | ||
| 300 | |a xxv, 326 páginas : ilustraciones a color ; mapas y planos a color. | ||
| 500 | |a Proyecto final de graduación (licenciatura en arquitectura)--Universidad de Costa Rica. Facultad de Ingeniería. Escuela de Arquitectura | ||
| 501 | |a Director del Proyecto de Graduación: Arq. José Aquiles Villarreal Montoya, Dr. | ||
| 610 | |x Centro de Tecnificación Deportiva (Costa Rica) | ||
| 650 | |x DISEÑO ARQUITECTONICO - LIMON (COSTA RICA) |x PLANIFICACION TERRITORIAL - LIMON (COSTA RICA) |x INSTALACIONES DEPORTIVAS - LIMON (COSTA RICA) - DISEÑOS Y PLANOS |x DEPORTES |x DEPORTISTAS |9 15048 | ||
| 700 | |9 84 |a Villarreal Montoya, José Aquiles, 1959- |d Director del TFG | ||
| 942 | |c CEDI |h TFG EA 232 |6 TFG_EA_232_000000000000000 | ||
| 999 | |c 21382 |d 21382 | ||
